Todos os vencedores da UEFA Champions League - Statistics

Estatísticas Gerais
  • Esse quiz foi jogado 268 vezes
  • A pontuação média é 63 de 69
Estatísticas das Respostas
Ano 1º lugar % Correto
91-92 Barcelona
100%
05-06 Barcelona
100%
08-09 Barcelona
100%
10-11 Barcelona
100%
14-15 Barcelona
100%
55-56 Real Madrid
100%
56-57 Real Madrid
100%
57-58 Real Madrid
100%
58-59 Real Madrid
100%
59-60 Real Madrid
100%
65-66 Real Madrid
100%
97-98 Real Madrid
100%
99-00 Real Madrid
100%
01-02 Real Madrid
100%
13-14 Real Madrid
100%
15-16 Real Madrid
100%
16-17 Real Madrid
100%
17-18 Real Madrid
100%
21-22 Real Madrid
100%
23-24 Real Madrid
100%
22-23 Manchester City
99%
76-77 Liverpool
98%
67-68 Manchester United
97%
98-99 Manchester United
97%
07-08 Manchester united
97%
62-63 Milan
97%
68-69 Milan
97%
88-89 Milan
97%
89-90 Milan
97%
93-94 Milan
97%
02-03 Milan
97%
06-07 Milan
97%
73-74 Bayern de Munique
95%
74-75 Bayern de Munique
95%
75-76 Bayern de Munique
95%
00-01 Bayern de Munique
95%
12-13 Bayern de Munique
95%
19-20 Bayern de Munique
95%
60-61 Benfica
94%
61-62 Benfica
94%
11-12 Chelsea
94%
20-21 Chelsea
94%
63-64 Inter de Milão
94%
64-65 Inter de Milão
94%
09-10 Inter de Milão
94%
77-78 Liverpool
94%
80-81 Liverpool
94%
83-84 Liverpool
94%
04-05 Liverpool
94%
18-19 Liverpool
94%
86-87 Porto
94%
03-04 Porto
94%
84-85 Juventus
92%
95-96 Juventus
92%
96-97 Borussia Dortmund
87%
78-79 Nottingham Forest
83%
79-80 Nottingham Forest
83%
70-71 Ajax
82%
71-72 Ajax
82%
72-73 Ajax
82%
94-95 Ajax
82%
90-91 Estrela Vermelha
78%
81-82 Aston Villa
72%
87-88 PSV
70%
66-67 Celtic
69%
92-93 Olimpique de Marseille
65%
69-70 Feyenoord
62%
82-83 Hamburgo
62%
85-86 Steaua Bucareste
51%
Nenhum quiz correspondente encontrado
Distribuição das Pontuações
Porcentagem de Pessoas com Cada Pontuação
Percentil de Números Respondidos
Sua Pontuação Histórica
Você não jogou esse quiz